|
|
|
|
| LEADER |
01794nam a2200337 a 4500 |
| 001 |
17386 |
| 003 |
BD-DhAAL |
| 008 |
101109s2002 maua b 001 0 eng d |
| 010 |
|
|
|a 2001030712
|
| 020 |
|
|
|a 0071204113
|
| 020 |
|
|
|a 0072320869 (alk. paper)
|
| 040 |
|
|
|a DLC
|c DLC
|d DLC
|d BD-DhAAL
|
| 082 |
0 |
0 |
|a 004.2/2
|2 21
|
| 100 |
1 |
|
|a Hamacher, V. Carl.
|9 57744
|
| 245 |
1 |
0 |
|a Computer organization /
|c Carl Hamacher, Zvonko Vranesic, Safwat Zaky.
|
| 250 |
|
|
|a Fifth edition.
|
| 260 |
|
|
|a Boston :
|b McGraw-Hill,
|c c2002.
|
| 300 |
|
|
|a xx, 805 p. :
|b ill. (some col.) ;
|c 24 cm
|
| 490 |
0 |
|
|a McGraw-Hill series in computer science
|
| 504 |
|
|
|a Includes bibliographical references and index.
|
| 526 |
|
|
|a MNS
|x Mahabobe Shobahani
Faculty Member of BRAC University
Course Name : Computer Organization and Architecture (APE 405)
|
| 541 |
|
|
|e 17386, 17387
|a Essence Science Publications
|
| 650 |
|
0 |
|a Computer organization.
|
| 700 |
1 |
|
|a Vranesic, Zvonko G.
|9 695
|
| 700 |
1 |
|
|a Zaky, Safwat G.
|9 57745
|
| 830 |
|
|
|a McGraw-Hill series in computer science
|9 57746
|
| 852 |
4 |
|
|a Ayesha Abed Library
|c General Stacks
|
| 942 |
|
|
|2 ddc
|c BK
|
| 999 |
|
|
|c 10057
|d 10057
|
| 952 |
|
|
|0 0
|1 0
|2 ddc
|4 0
|6 004_220000000000000_HAM_2002
|7 0
|9 13233
|a BRACUL
|b BRACUL
|c GEN
|d 2010-11-10
|e Essence Science Publications
|g 415.00
|l 5
|m 60
|o 004.22 HAM
|p 3010017386
|r 2025-07-14
|s 2025-07-13
|t 1
|w 2010-11-10
|y BK
|x Requisitioned by Mahabobe Shobahani for the course named- "Computer Organization and Architecture (APE 405)".
|
| 952 |
|
|
|0 0
|1 0
|2 ddc
|4 0
|6 004_220000000000000_HAM_2002
|7 0
|9 13234
|a BRACUL
|b BRACUL
|c GEN
|d 2010-11-10
|e Essence Science Publications
|g 415.00
|l 3
|m 32
|o 004.22 HAM
|p 3010017387
|r 2024-11-06
|s 2024-11-03
|t 2
|w 2010-11-10
|y BK
|x Requisitioned by Mahabobe Shobahani for the course named- "Computer Organization and Architecture (APE 405)".
|